UM Logo

Study guide for peace and unity: (Record no. 1966)

MARC details
000 -LEADER
fixed length control field 00494nam a2200133 4500
008 - FIXED-LENGTH DATA ELEMENTS--GENERAL INFORMATION
fixed length control field 160425b xxu||||| |||| 00| 0 eng d
082 ## - DEWEY DECIMAL CLASSIFICATION NUMBER
Edition number [2007]
Classification number DFil 220.7
Item number St94
245 ## - TITLE STATEMENT
Title Study guide for peace and unity:
Remainder of title excerpted from the best selling Bible reading for the home.
260 ## - PUBLICATION, DISTRIBUTION, ETC. (IMPRINT)
Place of publication, distribution, etc. Manila:
Name of publisher, distributor, etc. Review Herald Publishing Association and Pacific Press,
Date of publication, distribution, etc. [c2007].
300 ## - PHYSICAL DESCRIPTION
Extent 80 pages;
Dimensions 18 cm.
500 ## - GENERAL NOTE
General note Includes index.
650 #0 - SUBJECT ADDED ENTRY--TOPICAL TERM
9 (RLIN) 6311
Topical term or geographic name as entry element Bible
Form subdivision Study and teaching
942 ## - ADDED ENTRY ELEMENTS (KOHA)
Source of classification or shelving scheme Dewey Decimal Classification
Koha item type Filipiniana
Holdings
Withdrawn status Lost status Source of classification or shelving scheme Damaged status Not for loan Collection code Home library Current library Date acquired Source of acquisition Total Checkouts Full call number Barcode Date last seen Copy number Price effective from Koha item type
    Dewey Decimal Classification     Filipiniana UM Digos College - LIC UM Digos College - LIC 09/01/2007 Purchased   DFil 220.7 St94 2007 19157 05/15/2025 1 04/25/2016 Filipiniana
    Dewey Decimal Classification     Filipiniana UM Digos College - LIC UM Digos College - LIC 09/01/2007 Purchased   DFil 220.7 St94 2007 19158 05/15/2025 2 04/25/2016 Filipiniana
    Dewey Decimal Classification     Filipiniana UM Digos College - LIC UM Digos College - LIC 09/01/2007 Purchased   DFil 220.7 St94 2007 19159 05/15/2025 3 04/25/2016 Filipiniana
    Dewey Decimal Classification     Filipiniana UM Digos College - LIC UM Digos College - LIC 09/01/2007 Purchased   DFil 220.7 St94 2007 19160 05/15/2025 4 04/25/2016 Filipiniana